| 000 | 00521nam a2200121 a 4500 | ||
|---|---|---|---|
| 008 | 120416s1998 ||||||||||||||||| || u | ||
| 050 | _aSD 399.5 Imp | ||
| 245 | 1 | 4 | _aThe importance of managing forest genetic resources... proceedings of... |
| 246 | _aDanida forest seed centre | ||
| 260 |
_aNodebo _bDanida forest seed centre _c1998 |
||
| 350 | _a0.00 | ||
| 995 |
_D0.00 _FCBU-MAIN LIBRARY (Kitwe) _H1 _I0.00 _M1 _UAVAILABLE _WMay 19, 2006 _ZAnnex Low-Usage Collection |
||
| 999 |
_c46464 _d46464 |
||